Lập trình Turbo Pascal 7.0 : Lý thuyết, thực hành, các chương trình mẫu

Nội dung gồm 14 chương được sắp xếp thuận tiện cho việc tìm hiểu từng vấn đề cụ thể mà không phải tra cứu. Giới thiệu lý thuyết và các ứng dụng cụ thể trong tính toán, xử lý âm thanh, xử lý văn bản, xử lý đồ hoạ......

Disgrifiad llawn

Wedi'i Gadw mewn:
Manylion Llyfryddiaeth
Prif Awdur: Hoàng, Hồng
Fformat: Llyfr
Iaith:Undetermined
Cyhoeddwyd: Hà Nội Giao Thông Vận Tải 1999
Pynciau:
Tagiau: Ychwanegu Tag
Dim Tagiau, Byddwch y cyntaf i dagio'r cofnod hwn!
Thư viện lưu trữ: Trung tâm Học liệu Trường Đại học Cần Thơ
LEADER 00998nam a2200217Ia 4500
001 CTU_34171
008 210402s9999 xx 000 0 und d
020 |b 40.000đ 
082 |a 005.133 
082 |b H455 
100 |a Hoàng, Hồng 
245 0 |a Lập trình Turbo Pascal 7.0 : 
245 0 |b Lý thuyết, thực hành, các chương trình mẫu 
245 0 |c Hoàng Hồng 
260 |a Hà Nội 
260 |b Giao Thông Vận Tải 
260 |c 1999 
520 |a Nội dung gồm 14 chương được sắp xếp thuận tiện cho việc tìm hiểu từng vấn đề cụ thể mà không phải tra cứu. Giới thiệu lý thuyết và các ứng dụng cụ thể trong tính toán, xử lý âm thanh, xử lý văn bản, xử lý đồ hoạ... 
650 |a Pascal( computer program language ) 
904 |i MInh, QHieu 
980 |a Trung tâm Học liệu Trường Đại học Cần Thơ